|
|
|
|
| LEADER |
00000nam a2200000 i 4500 |
| 001 |
115466 |
| 003 |
CZ-ZlUTB |
| 005 |
20260429082904.0 |
| 007 |
ta |
| 008 |
251229s2025 xr e 001 0 cze |
| 015 |
|
|
|a cnb003733194
|
| 020 |
|
|
|a 978-80-7315-279-6
|q (brožováno)
|
| 040 |
|
|
|a BOA001
|b cze
|d OLA001
|e rda
|
| 041 |
0 |
|
|a cze
|b cze
|b eng
|
| 043 |
|
|
|a e-gr---
|a e------
|a ff-----
|a aw-----
|
| 072 |
|
7 |
|a 796
|x Sport. Hry. Tělesná cvičení
|2 Konspekt
|9 20
|
| 080 |
|
|
|a 796.015
|2 MRF
|
| 080 |
|
|
|a 796.071.43
|2 MRF
|
| 080 |
|
|
|a 331.546
|2 MRF
|
| 080 |
|
|
|a 796/799(091)
|2 MRF
|
| 080 |
|
|
|a (38)
|2 MRF
|
| 080 |
|
|
|a (37)
|2 MRF
|
| 080 |
|
|
|a (048.8)
|2 MRF
|
| 100 |
1 |
|
|a Jůva, Vladimír,
|d 1958-
|7 mzk2002103244
|4 aut
|
| 245 |
1 |
0 |
|a Sportovní trenér - geneze profese /
|c Vladimír Jůva
|
| 250 |
|
|
|a Vydání první
|
| 264 |
|
1 |
|a Brno :
|b Paido,
|c 2025
|
| 300 |
|
|
|a 231 stran ;
|c 21 cm
|
| 336 |
|
|
|a text
|b txt
|2 rdacontent
|
| 337 |
|
|
|a bez média
|b n
|2 rdamedia
|
| 338 |
|
|
|a svazek
|b nc
|2 rdacarrier
|
| 490 |
1 |
|
|a Trenérství jako profese ;
|v 1. svazek
|
| 500 |
|
|
|a 200 výtisků
|
| 504 |
|
|
|a Obsahuje bibliografii, bibliografické odkazy a rejstříky
|
| 546 |
|
|
|a České a anglické resumé
|
| 650 |
0 |
7 |
|a trenérství
|7 ph1291597
|2 czenas
|
| 650 |
0 |
7 |
|a trenéři
|7 ph202160
|2 czenas
|
| 650 |
0 |
7 |
|a profesní kompetence
|7 ph136580
|2 czenas
|
| 650 |
0 |
7 |
|a dějiny sportu
|7 ph488972
|z starověké Řecko
|2 czenas
|
| 650 |
0 |
7 |
|a dějiny sportu
|7 ph488972
|z starověký Řím
|2 czenas
|
| 650 |
0 |
9 |
|a sports coaching
|2 eczenas
|
| 650 |
0 |
9 |
|a sports coaches
|2 eczenas
|
| 650 |
0 |
9 |
|a vocational qualifications
|2 eczenas
|
| 650 |
0 |
9 |
|a history of sports
|z ancient Greece
|2 eczenas
|
| 650 |
0 |
9 |
|a history of sports
|z ancient Rome
|2 eczenas
|
| 655 |
|
7 |
|a monografie
|7 fd132842
|2 czenas
|
| 655 |
|
9 |
|a monographs
|2 eczenas
|
| 710 |
2 |
|
|a Paido (nakladatelství)
|7 olak20261289795
|4 pbl
|
| 830 |
|
0 |
|a Trenérství jako profese
|
| 910 |
|
|
|a ZLD002
|
| 942 |
|
|
|2 udc
|
| 952 |
|
|
|0 0
|1 0
|4 0
|6 79JŮVAV
|7 0
|8 BOOK
|9 190688
|a UTBZL
|b UTBZL
|c 005
|d 2026-04-08
|l 0
|o 79/JŮVA,V.
|p 420010201938
|r 2026-04-08 14:28:37
|v 347.00
|w 2026-04-08
|x N:nákup
|y 01
|
| 952 |
|
|
|0 0
|1 0
|4 0
|6 79JŮVAV
|7 1
|8 BOOK
|9 190689
|a UTBZL
|b UTBZL
|c 006
|d 2026-04-08
|l 0
|o 79/JŮVA,V.
|p 420010201939
|r 2026-04-08 14:29:06
|v 347.00
|w 2026-04-08
|x N:nákup
|y 04
|
| 992 |
|
|
|a BK
|b SK
|
| 999 |
|
|
|c 115466
|d 115466
|